00389nam a22001337a 450000500170000000800410001704100230005808200120008110000230009324500380011626000470015430000290020165000250023020240802124151.0240802b |||||||| |||| 00| 0 eng d aEnglish/Afrikaans  a349 SOU lEnglish/Afrikaans  aSouth African Law Reports: Natal  aJohannesburg: bDigma Publications, c1937 bxxx, 432 pages;c24 cm.  aLegal practice bLaw